Σύναλμα : η ενότητα της γνώσης
Αποθηκεύτηκε σε:
| Κύριος συγγραφέας: | |
|---|---|
| Άλλοι συγγραφείς: | |
| Μορφή: | Βιβλίο |
| Γλώσσα: | Greek English |
| Δημοσίευση: |
Αθήνα :
Σύναλμα,
1999.
|
| Θέματα: | |
| Ετικέτες: |
Προσθήκη ετικέτας
Δεν υπάρχουν, Καταχωρήστε ετικέτα πρώτοι!
|
MARC
| LEADER | 00000cam a2200000 i 4500 | ||
|---|---|---|---|
| 001 | 1/98847 | ||
| 008 | 000124s1999 gr | ||| |||| ||gre|| | ||
| 020 | |a 9607578163 | ||
| 035 | |l 10056660 | ||
| 040 | |a GR-MyUA |b gre |e AACR2 | ||
| 041 | 1 | |a gre |h eng | |
| 082 | 0 | |a 121 | |
| 100 | 1 | |a Wilson, Edward O. | |
| 245 | 1 | 0 | |a Σύναλμα : |b η ενότητα της γνώσης / |c Edward O. Wilson ; μετάφραση Σπύρος Σφενδουράκης. |
| 260 | |a Αθήνα : |b Σύναλμα, |c 1999. | ||
| 300 | |a 487 σ. | ||
| 500 | |a Τίτλος πρωτοτύπου: Consilience. | ||
| 504 | |a Περιέχει ευρετήριο. | ||
| 650 | 0 | 0 | |a Philosophy. |
| 650 | 0 | 0 | |a Order (philosophy) |
| 650 | 0 | 0 | |a Philosophy and science. |
| 700 | 1 | |a Σφενδουράκης, Σπύρος, |e trl | |
| 852 | |a INST |b LESVOS |e 20000124 |h 121 WIL |p 005100022049 |q 005100022049 |t BK |y 0 | ||
| 901 | |a BIBL1-2000-1 | ||
| 909 | |a Λ |b 071762 | ||
| 922 | |a 1ΕΛΗ |b 199912 |c ΤΑΚ/ΤΕΘ |d ΠΑΠΑΣΩΤΗΡΙΟΥ | ||
| 950 | |a 023-1999-12-02 | ||
| 970 | |a ΤΖΑΦΕΡΗ |b ΕΥΑΓΓΕΛΙΑ |z 2000/01/27 | ||